| 000 | 01116nam a2200241 a 4500 | ||
|---|---|---|---|
| 001 | 22147 | ||
| 003 | CO-ViMGA | ||
| 008 | 141112s2004 ck r 000 u spa d | ||
| 020 | _a8448140737 | ||
| 040 |
_aCO-ViMGA _bspa _cCO-ViMGA |
||
| 082 | 0 | 4 | _a519.4 R673m |
| 100 | 1 |
_aRosen, Kenneth H _931514 |
|
| 245 | 1 | 0 | _aMatemáticas Discreta y sus aplicaciones |
| 250 | _a5 | ||
| 260 |
_aMadrid : _bMc Graw Hill, _c2004 |
||
| 300 | _a860p | ||
| 505 | _aLos fundamentos : lógica y demostración, conjuntos y funciones 1 - - Los fundamentos : algoritmos, números enteros y matrices 109 - - Razonamiento matemático, inducción y recursividad 199 - - Recuento 279 - - Probabilidad discreta 329 - - Tecnicas avanzadas de recuerdo 373 - - Relaciones 439 - - Grafos 503 - - Áboles 589 - - Álgebra de Boole 653 - - Modelos de computación 689 | ||
| 590 | _aForma de adquisición : Compra - - Precio : 101.000 - - Proveedor : Bernalibros - - Fecha de adquisición : Octubre 2007 | ||
| 650 | 1 | 4 |
_aALGEBRA BOOLEANA _931515 |
| 650 | 1 | 4 |
_aLÓGICA - SIMBOLICA Y MATEMATICA _931516 |
| 650 | 1 | 4 | _aMATEMATICAS |
| 942 |
_2ddc _cBK |
||
| 999 |
_c30582 _d30582 |
||